[Event "4. Wittelsbacher Weihnachts-Schach-Open"]
[Site "Kelheim"]
[Date "2015.12.30"]
[Round "7.16"]
[White "Timar-Geng, Zoltan"]
[Black "Amtmann, Florian"]
[Result "0-1"]
[WhiteElo "1929"]
[BlackElo "2139"]
[PlyCount "92"]
[EventDate "2015.??.??"]
[WhiteTeam "SV Lingen"]
[BlackTeam "Spvgg Stetten"]

1. d4 Nf6 2. c4 g6 3. g3 Bg7 4. Bg2 O-O 5. Nc3 d6 6. Nf3 Nbd7 7. O-O e5 8. h3
exd4 9. Nxd4 Nb6 10. b3 d5 11. c5 Nbd7 12. Ba3 c6 13. Rc1 Qa5 14. Na4 Ne4 15.
e3 h5 16. b4 Qc7 17. b5 Re8 18. Bxe4 dxe4 19. Nc3 Nf6 20. bxc6 bxc6 21. Qa4
Bxh3 22. Qxc6 Qxc6 23. Nxc6 Bxf1 24. Kxf1 Re6 25. Nd4 Ra6 26. Ncb5 Ne8 27. c6
Rc8 28. Rc2 Bxd4 29. exd4 Rcxc6 30. Bc5 Nc7 31. Nxc7 Rxc7 32. Rb2 Kg7 33. a3
Rac6 34. Rb5 a6 35. Rb4 f5 36. Rb8 Rxc5 37. dxc5 Rxc5 38. Rb3 Kh6 39. Kg2 Kg5
40. Kh3 Rb5 41. Rc3 Rd5 42. Rc4 Rd2 43. f4+ exf3 44. Rf4 Rd3 45. a4 Re3 46. Kh2
Re4 0-1

[Event "4. Wittelsbacher Weihnachts-Schach-Open"]
[Site "Kelheim"]
[Date "2015.12.30"]
[Round "7.17"]
[White "Maurer, Heinrich"]
[Black "Malzer, Werner"]
[Result "1-0"]
[WhiteElo "2099"]
[BlackElo "1904"]
[PlyCount "107"]
[EventDate "2015.??.??"]
[WhiteTeam "SK Kelheim"]
[BlackTeam "TSV Kirchenlaibach"]

1. e4 c5 2. Nf3 d6 3. d4 cxd4 4. Qxd4 Nc6 5. Bb5 Bd7 6. Bxc6 Bxc6 7. Nc3 e6 8.
O-O Nf6 9. Bg5 Be7 10. Rad1 Qc7 11. Bh4 e5 12. Qd3 Rd8 13. Rfe1 O-O 14. Nd2 d5
15. Bxf6 dxe4 16. Qe3 Bxf6 17. Ndxe4 b6 18. Nxf6+ gxf6 19. Qh6 Rxd1 20. Rxd1
Rd8 21. Qxf6 Rxd1+ 22. Nxd1 Be4 23. Qg5+ Kf8 24. c3 Qd6 25. Ne3 f6 26. Qh6+ Kf7
27. f3 Bg6 28. Nf1 Qd5 29. a3 Qb5 30. Qd2 Kg7 31. Ne3 Bd3 32. a4 Qd7 33. Ng4
Qf5 34. b4 e4 35. Nf2 Bb1 36. fxe4 Bxe4 37. Qd4 Bc2 38. a5 Bb3 39. Qg4+ Qxg4
40. Nxg4 bxa5 41. bxa5 a6 42. Kf2 Kg6 43. Ne3 Kf7 44. Kf3 Ke6 45. Ke4 Ba4 46.
g3 h5 47. c4 Bd7 48. Kd4 Kd6 49. Nd5 h4 50. Nxf6 hxg3 51. hxg3 Bh3 52. Ne4+ Kc6
53. Nf2 Be6 54. g4 1-0

[Event "4. Wittelsbacher Weihnachts-Schach-Open"]
[Site "Kelheim"]
[Date "2015.12.30"]
[Round "7.18"]
[White "Nies, Peter"]
[Black "Schindler, Tobias"]
[Result "1-0"]
[WhiteElo "2020"]
[BlackElo "1748"]
[PlyCount "69"]
[EventDate "2015.??.??"]
[WhiteTeam "SK Gernsheim"]
[BlackTeam "SK Kelheim"]

1. e4 c6 2. d4 d5 3. e5 Bf5 4. Be2 e6 5. Nf3 c5 6. O-O Nc6 7. Be3 cxd4 8. Nxd4
Nxd4 9. Qxd4 Ne7 10. c4 Nc6 11. Qf4 dxc4 12. Nc3 Qa5 13. Bf3 Nxe5 14. Bxb7 Rb8
15. Bd5 Bd6 16. Bc6+ Ke7 17. Qg5+ f6 18. Qxg7+ Nf7 19. Bd4 Be5 20. Bxe5 Qxe5
21. Rfe1 Rhg8 22. Rxe5 Rxg7 23. Ra5 Ne5 24. Rxa7+ Kf8 25. Rxg7 Kxg7 26. Bb5 Nd3
27. a4 Nxb2 28. a5 Be4 29. Nxe4 Rxb5 30. a6 Rb8 31. a7 Ra8 32. Nd6 Nd3 33. Nb5
c3 34. Nxc3 Ne5 35. Ra6 1-0

[Event "4. Wittelsbacher Weihnachts-Schach-Open"]
[Site "Kelheim"]
[Date "2015.12.30"]
[Round "7.19"]
[White "Weigert, Wilhelm"]
[Black "Grasser, Martin"]
[Result "0-1"]
[WhiteElo "2044"]
[BlackElo "1902"]
[PlyCount "33"]
[EventDate "2015.??.??"]
[WhiteTeam "Post Regensburg"]
[BlackTeam "Regensburger Turnerschaft"]

1. c4 c5 2. Nc3 Nc6 3. Nf3 g6 4. d4 cxd4 5. Nxd4 Bg7 6. e3 Nf6 7. Be2 O-O 8.
O-O d6 9. b3 Bd7 10. Bb2 a6 11. Qd2 Nxd4 12. Qxd4 Bc6 13. Qd3 d5 14. Nxd5 Nxd5
15. Bxg7 Kxg7 16. Rfd1 Nf6 17. Qc3 0-1

[Event "4. Wittelsbacher Weihnachts-Schach-Open"]
[Site "Kelheim"]
[Date "2015.12.30"]
[Round "7.20"]
[White "Taube, Hubertus"]
[Black "Nöckler, Alexander"]
[Result "0-1"]
[WhiteElo "2041"]
[BlackElo "1933"]
[PlyCount "46"]
[EventDate "2015.??.??"]
[WhiteTeam "SK Neuperlach"]
[BlackTeam "SK Weiden"]

1. d4 d5 2. c4 e6 3. Nc3 Nf6 4. Bg5 Be7 5. e3 c6 6. Nf3 Nbd7 7. cxd5 exd5 8.
Bd3 O-O 9. O-O Re8 10. Qc2 h6 11. Bh4 Ne4 12. Bxe7 Qxe7 13. b4 a6 14. a4 Ndf6
15. b5 axb5 16. axb5 Bf5 17. bxc6 bxc6 18. Ne5 Rxa1 19. Rxa1 c5 20. f3 Nxc3 21.
Bxf5 cxd4 22. exd4 Qb4 23. Qd2 Ne2+ 0-1

[Event "4. Wittelsbacher Weihnachts-Schach-Open"]
[Site "Kelheim"]
[Date "2015.12.30"]
[Round "7.21"]
[White "Pohl, Steffen"]
[Black "Seidenschwarz, Holger"]
[Result "1/2-1/2"]
[WhiteElo "1869"]
[BlackElo "2017"]
[PlyCount "35"]
[EventDate "2015.??.??"]
[WhiteTeam "SK Schwanstetten"]
[BlackTeam "SK Kelheim"]

1. Nc3 d5 2. e4 e6 3. exd5 exd5 4. d4 c6 5. Bd3 Bd6 6. Nf3 Ne7 7. O-O O-O 8.
Bg5 f6 9. Bh4 Bf5 10. Bg3 Bxd3 11. Qxd3 Ng6 12. Rfe1 Na6 13. Re3 Qd7 14. Rae1
Bxg3 15. hxg3 Rae8 16. Rxe8 Rxe8 17. Rxe8+ Qxe8 18. Qe2 1/2-1/2

[Event "4. Wittelsbacher Weihnachts-Schach-Open"]
[Site "Kelheim"]
[Date "2015.12.30"]
[Round "7.23"]
[White "Müller, Johannes"]
[Black "Meulner, Fabian"]
[Result "1-0"]
[WhiteElo "1982"]
[BlackElo "1854"]
[PlyCount "89"]
[EventDate "2015.??.??"]
[WhiteTeam "SK Kelheim"]
[BlackTeam "SW Nürnberg Süd"]

1. d4 d6 2. e4 Nf6 3. Nc3 e5 4. dxe5 dxe5 5. Qxd8+ Kxd8 6. Bg5 c6 7. O-O-O+ Kc7
8. Bc4 Be6 9. Bxe6 fxe6 10. a3 Nbd7 11. Nf3 h6 12. Bh4 Nh5 13. Rd2 g5 14. Rhd1
Rh7 15. Bg3 Nxg3 16. hxg3 g4 17. Rxd7+ Rxd7 18. Rxd7+ Kxd7 19. Nxe5+ Kc7 20.
Nxg4 Bc5 21. Kd2 Rf8 22. Ke2 Bd4 23. Nd1 h5 24. Nh2 Kd6 25. f4 b5 26. Nf3 Bg7
27. e5+ Ke7 28. Nc3 Rd8 29. Nd2 a5 30. Nce4 a4 31. Nd6 Rxd6 32. exd6+ Kxd6 33.
c3 Kd5 34. Kd3 e5 35. Ne4 exf4 36. gxf4 c5 37. Nd2 Bh6 38. Ke3 b4 39. c4+ Kc6
40. Nf3 Kd6 41. Ke4 Ke6 42. Ne5 Bg7 43. Nd3 Bxb2 44. Nxb2 bxa3 45. Nxa4 1-0

[Event "4. Wittelsbacher Weihnachts-Schach-Open"]
[Site "Kelheim"]
[Date "2015.12.30"]
[Round "7.24"]
[White "Lohr, Werner"]
[Black "Brack, Johannes"]
[Result "0-1"]
[WhiteElo "1911"]
[BlackElo "1940"]
[PlyCount "54"]
[EventDate "2015.??.??"]
[WhiteTeam "TSV Mainburg"]
[BlackTeam "Regensburger Turnerschaft"]

1. e4 d6 2. d4 Nf6 3. Bd3 e5 4. d5 c6 5. c4 g6 6. Nc3 Bg7 7. h3 O-O 8. Be3 cxd5
9. cxd5 Nbd7 10. b4 a5 11. a3 Nh5 12. Nge2 Nf4 13. O-O axb4 14. Nb5 Nc5 15. Bc2
b3 16. Bb1 Qg5 17. Ng3 Qh4 18. Nxd6 Nxg2 19. Bxc5 Nf4 20. Nxc8 Raxc8 21. Be3
Qxh3 22. Qf3 Rc3 23. Re1 Rfc8 24. a4 b2 25. Ra2 Rc1 26. Bd2 Rxe1+ 27. Bxe1 Rc1
0-1

[Event "4. Wittelsbacher Weihnachts-Schach-Open"]
[Site "Kelheim"]
[Date "2015.12.30"]
[Round "7.25"]
[White "Dietl, Harald"]
[Black "Altmann, Jens"]
[Result "1/2-1/2"]
[WhiteElo "1802"]
[BlackElo "1988"]
[PlyCount "29"]
[EventDate "2015.??.??"]
[WhiteTeam "SK Abensberg"]
[BlackTeam "SF Leipzig-Südost"]

1. f4 e5 2. fxe5 d6 3. exd6 Bxd6 4. Nf3 Bg4 5. e4 Nc6 6. Bb5 Qe7 7. O-O Nf6 8.
Nc3 O-O 9. Bxc6 bxc6 10. d3 Rab8 11. Qe1 Bxf3 12. Rxf3 Qe5 13. Bf4 Qd4+ 14. Be3
Qe5 15. Bf4 1/2-1/2

[Event "4. Wittelsbacher Weihnachts-Schach-Open"]
[Site "Kelheim"]
[Date "2015.12.30"]
[Round "7.26"]
[White "Bader, Dominic"]
[Black "Urban, Rudolf"]
[Result "1-0"]
[WhiteElo "2092"]
[BlackElo "1871"]
[PlyCount "61"]
[EventDate "2015.??.??"]
[WhiteTeam "SG Büchenbach/Roth"]
[BlackTeam "SC Roter Turm Altstadt"]

1. e4 c6 2. d4 d5 3. e5 c5 4. dxc5 Nc6 5. Nf3 e6 6. Be3 Nh6 7. Qd2 Nf5 8. c3
Nxe3 9. Qxe3 b6 10. cxb6 Qxb6 11. Qxb6 axb6 12. Bb5 Bd7 13. Bxc6 Bxc6 14. Nd4
Bd7 15. Nd2 Be7 16. f4 O-O 17. N2f3 Rfc8 18. Kd2 Ra4 19. Ne1 Rca8 20. a3 f6 21.
exf6 gxf6 22. Nd3 Kf7 23. Rae1 Rg8 24. Re2 Bd6 25. Rhe1 Re8 26. h3 Raa8 27. g4
h5 28. g5 Re7 29. g6+ Kxg6 30. f5+ Kh7 31. fxe6 1-0

[Event "4. Wittelsbacher Weihnachts-Schach-Open"]
[Site "Kelheim"]
[Date "2015.12.30"]
[Round "7.27"]
[White "Lutter, Maximilian"]
[Black "Broszeit, Peter"]
[Result "1-0"]
[WhiteElo "1887"]
[BlackElo "2012"]
[PlyCount "67"]
[EventDate "2015.??.??"]
[WhiteTeam "SK Neumarkt"]
[BlackTeam "SV Erkenschwick"]

1. Nf3 e6 2. d4 c5 3. c4 Nf6 4. g3 d5 5. cxd5 exd5 6. Nc3 Nc6 7. Bg2 Be7 8. O-O
O-O 9. Bg5 Be6 10. dxc5 Bxc5 11. Rc1 Be7 12. Nd4 h6 13. Bxf6 Bxf6 14. Nxc6 bxc6
15. b3 Rc8 16. Qd3 Be7 17. e4 Qa5 18. exd5 cxd5 19. Nxd5 Bc5 20. Nc3 Bb4 21.
Ne4 Rcd8 22. Qe2 Rfe8 23. Rfd1 Rxd1+ 24. Qxd1 Qxa2 25. Ra1 Qxb3 26. Qxb3 Bxb3
27. Rb1 Bc2 28. Rxb4 a5 29. Rc4 Bb3 30. Rc1 a4 31. Nd2 Be6 32. Ra1 Rd8 33. Ne4
Rd4 34. Nc5 1-0

[Event "4. Wittelsbacher Weihnachts-Schach-Open"]
[Site "Kelheim"]
[Date "2015.12.30"]
[Round "7.28"]
[White "Klenk, Sofie"]
[Black "Kues, Manuel"]
[Result "0-1"]
[WhiteElo "1823"]
[BlackElo "1986"]
[PlyCount "118"]
[EventDate "2015.??.??"]
[WhiteTeam "SC Tarrasch München"]
[BlackTeam "TSV Kareth-Lappersdorf"]

1. e4 c5 2. Nc3 e6 3. Nf3 Nc6 4. Bb5 Nge7 5. O-O a6 6. Be2 d5 7. exd5 Nxd5 8.
Nxd5 exd5 9. d4 c4 10. Bg5 Be7 11. Bxe7 Nxe7 12. b3 b5 13. a4 bxa4 14. bxc4 Bd7
15. Ne5 O-O 16. Nxd7 Qxd7 17. c3 a3 18. Rxa3 dxc4 19. Bxc4 Rfc8 20. Qd3 Nd5 21.
Bxd5 Qxd5 22. Rfa1 a5 23. Ra4 Rd8 24. Rb1 Rab8 25. Rxb8 Rxb8 26. h3 g6 27. c4
Qg5 28. Qe3 Qd8 29. Qe5 Rb4 30. Rxa5 Rxc4 31. Rb5 Rc8 32. d5 Qe8 33. Qxe8+ Rxe8
34. Kf1 Kf8 35. f4 Re4 36. g3 h5 37. Kf2 Ke7 38. Kf3 Re1 39. Rb4 Rd1 40. Ke4
f5+ 41. Ke5 Re1+ 42. Kd4 Rd1+ 43. Kc5 Rc1+ 44. Rc4 Rg1 45. Kc6 Rxg3 46. Rc5
Rxh3 47. Kc7 Rd3 48. d6+ Rxd6 49. Rc3 Rd4 50. Rf3 Kf6 51. Kc6 g5 52. fxg5+ Kxg5
53. Kc5 Rf4 54. Rd3 h4 55. Rd8 h3 56. Kd5 h2 57. Rg8+ Kh4 58. Ke5 Rf1 59. Rh8+
Kg3 0-1

[Event "4. Wittelsbacher Weihnachts-Schach-Open"]
[Site "Kelheim"]
[Date "2015.12.30"]
[Round "7.29"]
[White "Bruckmeier, Bernhard"]
[Black "Latzel, Wolfgang"]
[Result "1-0"]
[WhiteElo "1931"]
[BlackElo "1943"]
[PlyCount "40"]
[EventDate "2015.??.??"]
[BlackTeam "SK Landshut"]

1. d4 d6 2. c4 g6 3. Nf3 Bg7 4. e3 Nd7 5. Be2 e5 6. O-O Ne7 7. b3 exd4 8. exd4
O-O 9. Bb2 d5 10. Qc2 c6 11. Nbd2 Nf6 12. Rfe1 Bf5 13. Bd3 Bxd3 14. Qxd3 Nf5
15. Ne5 Nd7 16. cxd5 cxd5 17. Qb5 Nb6 18. a4 a6 19. Qb4 Re8 20. a5 Bf8 1-0

[Event "4. Wittelsbacher Weihnachts-Schach-Open"]
[Site "Kelheim"]
[Date "2015.12.30"]
[Round "7.30"]
[White "Vilsmeier, Christian"]
[Black "Goderbauer, Josef"]
[Result "1/2-1/2"]
[WhiteElo "1994"]
[BlackElo "1857"]
[PlyCount "79"]
[EventDate "2015.??.??"]
[WhiteTeam "DJK-Regensburg Nord"]
[BlackTeam "SC Moosburg"]

1. e4 g6 2. d4 Bg7 3. Nc3 c6 4. Be2 d5 5. Nf3 e6 6. O-O Ne7 7. Be3 Nd7 8. Qd2
O-O 9. Bh6 a6 10. a4 c5 11. Bxg7 Kxg7 12. exd5 cxd4 13. Qxd4+ Nf6 14. dxe6 Bxe6
15. Rfd1 Nc6 16. Qxd8 Rfxd8 17. Rxd8 Rxd8 18. Rd1 Rxd1+ 19. Nxd1 a5 20. Ne3 b6
21. Bb5 Na7 22. Nd4 Nxb5 23. Nxe6+ fxe6 24. axb5 Nd7 25. f4 Kf6 26. Kf2 e5 27.
Ng4+ Ke6 28. Nxe5 Nxe5 29. fxe5 Kxe5 30. Ke3 Kd5 31. h4 a4 32. g4 Kc4 33. Kf4
Kxb5 34. Kg5 Kc4 35. Kh6 b5 36. Kxh7 b4 37. b3+ axb3 38. cxb3+ Kxb3 39. h5 gxh5
40. gxh5 1/2-1/2

[Event "4. Wittelsbacher Weihnachts-Schach-Open"]
[Site "Kelheim"]
[Date "2015.12.30"]
[Round "7.32"]
[White "Bodenschatz, Josef"]
[Black "Schmitz, Marc"]
[Result "1/2-1/2"]
[WhiteElo "2005"]
[BlackElo "1748"]
[PlyCount "51"]
[EventDate "2015.??.??"]
[WhiteTeam "TSV Kirchenlaibach"]
[BlackTeam "SV Saal/Donau"]

1. f4 g6 2. Nf3 Bg7 3. e4 d5 4. e5 c5 5. Bb5+ Nc6 6. d4 a6 7. Bxc6+ bxc6 8.
dxc5 Qa5+ 9. Nc3 Qxc5 10. Na4 Qa7 11. Qd4 Qxd4 12. Nxd4 Nh6 13. Nc5 Bd7 14. c3
Nf5 15. Nxd7 Kxd7 16. Nxf5 gxf5 17. Be3 Rab8 18. O-O-O Rhg8 19. Rd2 e6 20. Rf1
f6 21. exf6 Bxf6 22. g3 h5 23. Bd4 Be7 24. Re2 Rg6 25. Rfe1 Rf8 26. b4 1/2-1/2

[Event "4. Wittelsbacher Weihnachts-Schach-Open"]
[Site "Kelheim"]
[Date "2015.12.30"]
[Round "7.33"]
[White "Klimpel, Siegfried"]
[Black "Aunkofer, Günter"]
[Result "1-0"]
[WhiteElo "1842"]
[BlackElo "1826"]
[PlyCount "67"]
[EventDate "2015.??.??"]
[WhiteTeam "TSV Kareth-Lappersdorf"]
[BlackTeam "TSV Mainburg"]

1. d4 d5 2. Nc3 Nf6 3. Bg5 Bf5 4. Bxf6 gxf6 5. e3 Nc6 6. Bd3 Bg6 7. Nge2 e6 8.
a3 a6 9. Qd2 Qd7 10. Nf4 Be7 11. h4 O-O-O 12. h5 Bxd3 13. Qxd3 h6 14. O-O-O Na5
15. e4 dxe4 16. Nxe4 Qc6 17. d5 Qa4 18. g3 e5 19. Nc3 Qc4 20. Qf5+ Kb8 21. Nfe2
Rhg8 22. Rh4 Rg5 23. Qh7 Rg4 24. Rxg4 Qxg4 25. Qxf7 Rd7 26. f3 Qg5+ 27. f4 exf4
28. gxf4 Qf5 29. Qg6 Qh3 30. Kb1 Ka7 31. Qxh6 Nc4 32. Qg6 f5 33. Qe6 Rd6 34.
Qxe7 1-0

[Event "4. Wittelsbacher Weihnachts-Schach-Open"]
[Site "Kelheim"]
[Date "2015.12.30"]
[Round "7.34"]
[White "Brunner, Tobias"]
[Black "Frei, Robert"]
[Result "1/2-1/2"]
[WhiteElo "1639"]
[BlackElo "1892"]
[PlyCount "149"]
[EventDate "2015.??.??"]
[WhiteTeam "TSV Nittenau"]
[BlackTeam "TSV Mindelheim"]

1. e4 c5 2. Nf3 Nc6 3. Nc3 g6 4. Bc4 Bg7 5. O-O a6 6. a4 b6 7. d3 e6 8. Bg5
Nge7 9. h3 Bb7 10. Nh2 h6 11. Bd2 Qc7 12. Qc1 Nd4 13. Re1 g5 14. Ne2 Nxe2+ 15.
Rxe2 Ng6 16. Rb1 Bc6 17. Bb3 Nf4 18. Re3 h5 19. Qd1 O-O-O 20. Rg3 Bf6 21. Nf3
Rdg8 22. Bxf4 Qxf4 23. Qd2 Qxd2 24. Nxd2 g4 25. hxg4 hxg4 26. Nc4 Rg7 27. Re1
b5 28. axb5 axb5 29. Ne3 Rhg8 30. c3 Be5 31. Nf1 Bxg3 32. Nxg3 Rf8 33. Bc2 f5
34. exf5 exf5 35. Re5 f4 36. Nf5 Rgf7 37. Nd6+ Kc7 38. Nxf7 Rxf7 39. Rxc5 Kd6
40. Rg5 f3 41. Rxg4 fxg2 42. Rg3 Rh7 43. f3 Rh1+ 44. Kxg2 Rc1 45. Bb3 Rb1 46.
Rg6+ Kc7 47. Bf7 Rxb2+ 48. Kg3 Rc2 49. c4 b4 50. Rh6 b3 51. Rh1 b2 52. Rb1 Kd6
53. d4 Ba4 54. Kf4 Ke7 55. Bg6 Rxc4 56. Rxb2 Rxd4+ 57. Kg5 Rd5+ 58. Kg4 Kf6 59.
Rb6+ d6 60. Be4 Rd4 61. Kf4 Bd1 62. Ke3 Rxe4+ 63. fxe4 Ke7 64. Kd4 Bh5 65. Rb7+
Ke6 66. Rh7 Bf7 67. Rh6+ Ke7 68. e5 dxe5+ 69. Kxe5 Bb3 70. Rb6 Bd1 71. Rb7+ Kf8
72. Kf6 Kg8 73. Rc7 Bb3 74. Rg7+ Kh8 75. Rg3 1/2-1/2

[Event "4. Wittelsbacher Weihnachts-Schach-Open"]
[Site "Kelheim"]
[Date "2015.12.30"]
[Round "7.35"]
[White "Hildenbrand, Andreas"]
[Black "Meul, Willi"]
[Result "1/2-1/2"]
[WhiteElo "1828"]
[BlackElo "1829"]
[PlyCount "80"]
[EventDate "2015.??.??"]
[WhiteTeam "SK Garmisch-Partenkirch."]
[BlackTeam "SV Hürth-Berrenrath"]

1. e4 c5 2. f4 d6 3. Nf3 Nc6 4. Bc4 e6 5. a3 Nf6 6. d3 a6 7. e5 dxe5 8. fxe5
Nd5 9. O-O Be7 10. Nc3 Nxc3 11. bxc3 b5 12. Bb3 O-O 13. Qe1 Bb7 14. Qg3 Kh8 15.
Bg5 h6 16. Bxe7 Nxe7 17. Nh4 Bd5 18. c4 bxc4 19. dxc4 Be4 20. Rad1 Qc7 21. Qe3
Bh7 22. Rd6 g5 23. Nf3 Nf5 24. Qc3 Kg8 25. Rd2 Rad8 26. Rfd1 Rxd2 27. Rxd2 Rd8
28. g4 Ne7 29. Kf2 Nc6 30. Rxd8+ Qxd8 31. Qe3 Qa5 32. h4 gxh4 33. Qxh6 Qc3 34.
Qxh4 Bg6 35. Qg5 Nd4 36. Nh4 Kh7 37. Qe3 Qxe3+ 38. Kxe3 Nxc2+ 39. Bxc2 Bxc2 40.
Kd2 Be4 1/2-1/2

[Event "4. Wittelsbacher Weihnachts-Schach-Open"]
[Site "Kelheim"]
[Date "2015.12.30"]
[Round "7.36"]
[White "Lukas, Anne"]
[Black "Specht, Helmut"]
[Result "1-0"]
[WhiteElo "1810"]
[BlackElo "1988"]
[PlyCount "129"]
[EventDate "2015.??.??"]
[WhiteTeam "SK Gernsheim"]
[BlackTeam "TSV Mindelheim"]

1. d4 d5 2. c4 e6 3. Nf3 Nf6 4. Bg5 c6 5. Nc3 Nbd7 6. cxd5 exd5 7. e3 h6 8. Bh4
Qa5 9. a3 Ne4 10. Qc2 Bb4 11. Rc1 Bxc3+ 12. bxc3 Qxa3 13. c4 Qb4+ 14. Nd2 Qxd2+
15. Qxd2 Nxd2 16. Kxd2 dxc4 17. Bxc4 Nb6 18. Bd3 f5 19. Ra1 Be6 20. Rhb1 O-O
21. Be7 Rf7 22. Bc5 Nc8 23. Kc3 b5 24. Ra6 Bd7 25. Be2 Be8 26. Bf3 Rb8 27. Bxc6
Bxc6 28. Rxc6 Rfb7 29. Ra6 Nb6 30. Bxb6 Rxb6 31. Rxa7 Rc6+ 32. Kd3 b4 33. Ra2
Rc3+ 34. Kd2 Rc4 35. Rab2 Kf7 36. Kd3 Rc3+ 37. Kd2 Rc4 38. Rb3 Ke6 39. Kd3 Rbc8
40. Rxb4 Rc3+ 41. Ke2 Rc2+ 42. Kf3 Ra8 43. Rb6+ Kf7 44. R1b2 Rc1 45. R2b5 g6
46. Rb7+ Kf6 47. h4 Ra6 48. R5b6+ Rc6 49. Rxa6 Rxa6 50. Rc7 Ra1 51. Rc6+ Kf7
52. h5 gxh5 53. Rxh6 Rh1 54. Kf4 Rh2 55. Kxf5 Rxg2 56. Rh7+ Kg8 57. Rxh5 Rxf2+
58. Ke5 Re2 59. e4 Kf7 60. Rh7+ Kg6 61. Ra7 Kg5 62. Rg7+ Kh6 63. Rg1 Ra2 64. d5
Ra7 65. Ke6 1-0

[Event "4. Wittelsbacher Weihnachts-Schach-Open"]
[Site "Kelheim"]
[Date "2015.12.30"]
[Round "7.37"]
[White "Loebel, Petra"]
[Black "Gruber, Johannes"]
[Result "1-0"]
[WhiteElo "1852"]
[BlackElo "1801"]
[PlyCount "79"]
[EventDate "2015.??.??"]
[WhiteTeam "SC Noris-Tarrasch Nürnberg"]
[BlackTeam "SC Sinzing"]

1. e4 e5 2. Bc4 Nf6 3. Nc3 Nxe4 4. Nxe4 d5 5. Bd3 dxe4 6. Bxe4 Nc6 7. Bxc6+
bxc6 8. Qe2 Be7 9. Nf3 O-O 10. O-O a5 11. Qxe5 Bd6 12. Qh5 Ba6 13. d3 Qf6 14.
Ng5 Qf5 15. g4 Qg6 16. Qxg6 hxg6 17. Bd2 Rab8 18. Rab1 Bc8 19. h3 Rb5 20. Ne4
Kh7 21. a4 Rb8 22. Nxd6 cxd6 23. Bxa5 Ra8 24. Bc7 Rxa4 25. Bxd6 Re8 26. Rfe1
Re6 27. Rxe6 Bxe6 28. Re1 Kh6 29. Kg2 Rd4 30. Bc5 Rd7 31. Be3+ Kh7 32. Ra1 Rb7
33. b3 Rb5 34. Kg3 Rb7 35. Ra7 Rxa7 36. Bxa7 g5 37. c4 Kg6 38. Bd4 Kh7 39. f4
Kg6 40. f5+ 1-0

[Event "4. Wittelsbacher Weihnachts-Schach-Open"]
[Site "Kelheim"]
[Date "2015.12.30"]
[Round "7.38"]
[White "Kaiser, Dominik"]
[Black "Guckes, Fabian"]
[Result "1-0"]
[WhiteElo "1906"]
[BlackElo "1681"]
[PlyCount "125"]
[EventDate "2015.??.??"]
[WhiteTeam "TSV Kareth-Lappersdorf"]
[BlackTeam "SV Worms"]

1. e4 c5 2. d4 Nc6 3. d5 Nb8 4. f4 d6 5. Nf3 g6 6. e5 Bg7 7. Bc4 a6 8. e6 fxe6
9. dxe6 Nf6 10. Ng5 O-O 11. Nf7 Qc7 12. f5 gxf5 13. Bh6 d5 14. Bxd5 Nxd5 15.
Bxg7 Kxg7 16. Qxd5 Bxe6 17. Qxe6 Rxf7 18. O-O Rf6 19. Qe2 e6 20. Nd2 Nc6 21.
Nf3 Nd4 22. Nxd4 cxd4 23. Rf3 Re8 24. Rd1 Qc5 25. Kh1 e5 26. c3 dxc3 27. Rxc3
Qe7 28. Rcd3 Qf7 29. Qd2 e4 30. Rd7 Re7 31. Qg5+ Kf8 32. Rd8+ Re8 33. Qg3 f4
34. Qa3+ Qe7 35. Qxe7+ Kxe7 36. R8d7+ Kf8 37. Rxh7 Rf7 38. Rxf7+ Kxf7 39. Rf1
Kg6 40. Rxf4 e3 41. Rf1 e2 42. Re1 Rd8 43. Kg1 Rd2 44. Kf2 Rxb2 45. Rxe2 Rb5
46. g4 Ra5 47. h4 Ra3 48. Re6+ Kf7 49. Rb6 Rxa2+ 50. Kg3 Ra3+ 51. Kf4 Ra4+ 52.
Kf5 Ra5+ 53. Kf4 Ra4+ 54. Kg5 Ra5+ 55. Kh6 Rb5 56. Rd6 a5 57. g5 a4 58. g6+ Ke7
59. Rd4 Ra5 60. g7 Ra8 61. Kh7 Kf7 62. g8=Q+ Rxg8 63. Rf4+ 1-0

[Event "4. Wittelsbacher Weihnachts-Schach-Open"]
[Site "Kelheim"]
[Date "2015.12.30"]
[Round "7.39"]
[White "Löchel, Günter"]
[Black "Santl, Anton"]
[Result "0-1"]
[WhiteElo "1617"]
[BlackElo "1969"]
[PlyCount "56"]
[EventDate "2015.??.??"]
[WhiteTeam "SC Kreut"]
[BlackTeam "SU München"]

1. e4 c5 2. Nf3 Nc6 3. d4 cxd4 4. Nxd4 Nf6 5. Nc3 d6 6. Be3 Ng4 7. Qd2 g6 8.
Nxc6 bxc6 9. Bd4 Bh6 10. f4 e5 11. Be3 Nxe3 12. Qxe3 Bxf4 13. Qf2 Be6 14. Bd3
O-O 15. O-O Qb6 16. Qxb6 axb6 17. a3 Be3+ 18. Kh1 b5 19. Nd1 Bc5 20. Nc3 f5 21.
g3 Bd7 22. Nd1 d5 23. c3 Bb6 24. exf5 gxf5 25. Rb1 f4 26. Kg2 e4 27. Bc2 f3+
28. Kh1 e3 0-1

[Event "4. Wittelsbacher Weihnachts-Schach-Open"]
[Site "Kelheim"]
[Date "2015.12.30"]
[Round "7.40"]
[White "Ulmer, Heinz"]
[Black "Strasser, Josef"]
[Result "1/2-1/2"]
[WhiteElo "1914"]
[BlackElo "1892"]
[PlyCount "50"]
[EventDate "2015.??.??"]
[BlackTeam "SU München"]

1. d4 Nf6 2. c4 e6 3. Nc3 d5 4. cxd5 exd5 5. Bg5 Be7 6. e3 O-O 7. Nf3 c6 8. Bd3
Bg4 9. O-O Nbd7 10. h3 Bh5 11. Be2 Ne4 12. Bxe7 Qxe7 13. Nd2 Bxe2 14. Nxe2 f5
15. Nb3 Rfe8 16. Rc1 a5 17. Qd3 g6 18. Rfe1 a4 19. Nd2 Ndf6 20. Nf1 Nd6 21.
Neg3 Nde4 22. Re2 Qd7 23. f3 Nd6 24. Nd2 Re7 25. a3 Kg7 1/2-1/2

[Event "4. Wittelsbacher Weihnachts-Schach-Open"]
[Site "Kelheim"]
[Date "2015.12.30"]
[Round "7.41"]
[White "Klarl, Wolfgang"]
[Black "Gets, Alexej"]
[Result "0-1"]
[WhiteElo "1942"]
[BlackElo "1785"]
[PlyCount "74"]
[EventDate "2015.??.??"]
[WhiteTeam "SK Kelheim"]
[BlackTeam "SC Noris-Tarrasch Nürnberg"]

1. f4 e6 2. Nf3 b6 3. e3 Nf6 4. b3 Bb7 5. Bb2 c5 6. g3 Be7 7. Bg2 O-O 8. Qe2 d5
9. d3 Nc6 10. Ne5 Nd7 11. Nxc6 Bxc6 12. O-O Bf6 13. c3 b5 14. Nd2 b4 15. d4 Qb6
16. Rfc1 bxc3 17. Bxc3 cxd4 18. exd4 Bxd4+ 19. Kh1 Bxc3 20. Rxc3 Bb5 21. Qh5
Qd4 22. Rac1 Qxd2 23. a4 Be2 24. Qh4 Nf6 25. R3c2 Qd3 26. Rc3 Qg6 27. f5 Qg4
28. Qxg4 Bxg4 29. fxe6 Bxe6 30. b4 Rac8 31. Rxc8 Rxc8 32. Rb1 Bf5 33. Ra1 Be4
34. b5 Rc5 35. Bxe4 Nxe4 36. Kg2 f5 37. Kf3 Kf7 0-1

[Event "4. Wittelsbacher Weihnachts-Schach-Open"]
[Site "Kelheim"]
[Date "2015.12.30"]
[Round "7.42"]
[White "Hagen, Wolfgang"]
[Black "Mühlich, Cornelius"]
[Result "1/2-1/2"]
[WhiteElo "1740"]
[BlackElo "1771"]
[PlyCount "65"]
[EventDate "2015.??.??"]
[WhiteTeam "TSV Mindelheim"]
[BlackTeam "SK Kelheim"]

1. Nf3 d5 2. d4 Nf6 3. c4 c6 4. Nc3 dxc4 5. a4 Bf5 6. e3 e6 7. Bxc4 Bb4 8. O-O
O-O 9. Na2 Ba5 10. b4 Bc7 11. Ba3 Bg4 12. b5 Re8 13. Nc3 Bd6 14. Bxd6 Qxd6 15.
Be2 a6 16. h3 Bf5 17. Qb3 Ne4 18. Rfd1 Nd7 19. Nxe4 Bxe4 20. Qb2 cxb5 21. axb5
a5 22. Nd2 Bg6 23. Nc4 Qb4 24. Qxb4 axb4 25. Bf3 Bc2 26. Rdc1 b3 27. Bxb7 Rxa1
28. Rxa1 Nb6 29. Nb2 Rb8 30. Bc6 g5 31. Kf1 Kg7 32. Ke2 Nd5 33. Bxd5 1/2-1/2

[Event "4. Wittelsbacher Weihnachts-Schach-Open"]
[Site "Kelheim"]
[Date "2015.12.30"]
[Round "7.43"]
[White "Brassat, Jürgen"]
[Black "Brack, André"]
[Result "0-1"]
[WhiteElo "1889"]
[BlackElo "1832"]
[PlyCount "74"]
[EventDate "2015.??.??"]
[WhiteTeam "SV Altbach"]
[BlackTeam "Regensburger Turnerschaft"]

1. d4 d5 2. c4 dxc4 3. e3 Nf6 4. Bxc4 Bf5 5. Nc3 e6 6. Nf3 Bb4 7. O-O O-O 8. a3
Ba5 9. b4 Bb6 10. Bb2 c6 11. h3 Bc7 12. Qe2 Ne4 13. Nxe4 Bxe4 14. Nd2 Bg6 15.
f4 Nd7 16. Nf3 Qf6 17. Rac1 Qe7 18. Nd2 a5 19. b5 cxb5 20. Bxb5 Nf6 21. Bd3 Bd6
22. Bxg6 hxg6 23. Qd3 Nd5 24. Nc4 Bc7 25. Rc2 g5 26. g3 gxf4 27. exf4 Rfd8 28.
Qe4 b5 29. Ne3 Nxe3 30. Qxe3 Bb6 31. Qd3 Rd5 32. Rd1 Rad8 33. Qe2 Qa7 34. Kg2
Bxd4 35. Bxd4 Rxd4 36. Rxd4 Qxd4 37. Qxb5 Qe4+ 0-1